| 000 | 00726cab a2200241 4500 | ||
|---|---|---|---|
| 001 | ABS54809 | ||
| 008 | 090401t1996 xxu||||| |||| 00| 0 eng d | ||
| 035 | _a(Sirsi) u12350 | ||
| 041 | _aeng | ||
| 100 | _aRuddock, L. | ||
| 245 | _aClients` perceived benefits from risk assessment | ||
| 260 | _c1996 | ||
| 350 | _a0 | ||
| 490 |
_aCost Engineer _v34(2) March 1996, 8-11(4) |
||
| 520 | _aHighlights the importance of pre-tender estimating in carrying out risk assessment and risk analysis of projects for clients. | ||
| 650 | _aFINANCIAL RISK | ||
| 650 | _aPRE-TENDER ESTIMATING | ||
| 650 | _aRISK ANALYSIS | ||
| 650 | _aRISK ASSESSMENT | ||
| 690 |
_aProject management _96261 |
||
| 942 | _n0 | ||
| 948 | _c04/03/1997 | ||
| 999 |
_c7896 _d7896 |
||